Algebra.
שמור ב:
| מחבר ראשי: | |
|---|---|
| פורמט: | ספר |
| יצא לאור: |
New York, USA:
Springer,
2002.
|
| מהדורה: | Revised Third Edition. |
| סדרה: | Graduate texts in mathematics;
|
| נושאים: | |
| תגים: |
הוספת תג
אין תגיות, היה/י הראשונ/ה לתייג את הרשומה!
|
MARC
| LEADER | 00000nam a22000007a 4500 | ||
|---|---|---|---|
| 003 | CL-VaPUC | ||
| 005 | 20240624113313.0 | ||
| 008 | 240618t2022 ||||| |||| 00| 0 eng d | ||
| 999 | |c 444007 |d 444005 | ||
| 020 | |a 978-0-387-95385-4 | ||
| 040 | |c Pontificia Universidad Católica de Valparaíso | ||
| 082 | 7 | |a 512 LAN 2002 |2 22 | |
| 100 | |a Lang, Serge |9 719911 |e author | ||
| 245 | |a Algebra. | ||
| 250 | |a Revised Third Edition. | ||
| 260 | |a New York, USA: |b Springer, |c 2002. | ||
| 300 | |a xv, 914 páginas. | ||
| 490 | |a Graduate texts in mathematics; |n 211. | ||
| 583 | |c 20230522 | ||
| 650 | 0 | |a Álgebra |9 259567 | |
| 942 | |2 ddc |c BK | ||
| 952 | |0 0 |1 0 |2 ddc |4 0 |6 512_000000000000000_LAN_2002 |7 0 |8 A |9 595120 |a BIBMAT |b BIBMAT |d 2024-06-18 |e 13 |g 99960.00 |i 5661550 |l 1 |o 512 LAN 2002 |p 5661550 |r 2025-04-14 |s 2025-03-14 |t 1 |v 99960.00 |w 2024-06-18 |y BK |k MAT | ||